000 00300nam a2200145Ia 4500
100 _aSadasivam/Sudha G
942 _cBK
366 _f25
245 _aDistributed component architecture
260 _bWiley India
_c2008
082 _a5.1
_bSAD
300 _a416
546 _aENGLISH
999 _c21946
_d21946